US Aircraft Vehicle Designations Quiz - Statistics

General Stats
  • This quiz has been taken 1,053 times
  • The average score is 8 of 21
Answer Stats
Hint Answer % Correct
F- Fighter
96%
B- Bomber
95%
A- Attack
87%
C- Cargo
78%
R- Reconnaissance
62%
E- Electronics
57%
K- Tanker
51%
X- Research
48%
T- Training
43%
Q- Drone/UAV
38%
O- Observation
30%
U- Utility
30%
P- Patrol
23%
W- Weather
16%
S- Anti-Submarine
13%
H- Search and Rescue
11%
V- VIP/Staff
10%
AL- Airborne Laser
8%
M- Multi-Mission
5%
L- Cold Weather
4%
D- Director
3%
No matching quizzes found
Score Distribution
Percent of People with Each Score
Percentile by Number Answered
Your Score History
You have not taken this quiz